LDR 01021naa#a2200217#i#450# 001 EN\\bibl\19315 005 20260418165211.6 100 ## _a20260417b2026####ek#y0engy0150####ca 102 ## _aRU 200 1# _aMODERN ASPECTS OF INTELLIGENT TRANSPORTATION SYSTEMS DEVELOPMENT AND IMPLEMENTATION: A MULTILEVEL ANALYSIS OF BENEFITS AND CHALLENGES _eConference article/thesis 210 1# _aVoronezh _cFSBE Institution of Higher Education Voronezh State University of Forestry and Technologies named after G.F. Morozov _d2026 215 ## _a6 с. 608 ## _aConference article/thesis _2local 675 ## _aМеталлизация плазменным распылением (плазменная металлизация). 621.793.74 _aплазменной струей. Плазменная наплавка. 621.791.927.55 _z 700 #1 _aParinov _gN. N. 700 #1 _aLikhachev _gD. V. 700 #1 _aArtemov _gA. Yu. 700 #1 _aChirkov _gE. V. 700 #1 _aFeofilova _gA. A. 700 #1 _aMaklakova _gElena Al'bertovna 856 4# _abibl.vgltu.ru _u